00531cam a22001217a 4500008004000000082001400040245017800054260003700232300001400269500008100283650002800364700001700392180718b1950 xxu||||| |||| 00| 0 eng d aDO96 C737 aChanging commonwealth: proceeding of the fourth unofficial commonwealth relations conference held at Bigwin Inn, Ontario, Canada, september 8-18, 1949cedited by F.H. Soward aTorontobOxford Universityc1950 axiv, 268p aIssued under the auspices of the Canadian Institute of International Affairs aCommonwealth of Nations aSoward, F.H.